<?xml version="1.0" encoding="UTF-8"?>
<record
    xmlns:xsi="http://www.w3.org/2001/XMLSchema-instance"
    xsi:schemaLocation="http://www.loc.gov/MARC21/slim http://www.loc.gov/standards/marcxml/schema/MARC21slim.xsd"
    xmlns="http://www.loc.gov/MARC21/slim">

  <leader>00938cam a22002291  4500</leader>
  <controlfield tag="001">s  30000012 </controlfield>
  <controlfield tag="003">DLC</controlfield>
  <controlfield tag="005">20260227111911.0</controlfield>
  <controlfield tag="008">760113m19281929ua            000 0 fre c</controlfield>
  <datafield tag="010" ind1=" " ind2=" ">
    <subfield code="a">s  30000012 </subfield>
  </datafield>
  <datafield tag="035" ind1=" " ind2=" ">
    <subfield code="a">(OCoLC)1923299</subfield>
  </datafield>
  <datafield tag="040" ind1=" " ind2=" ">
    <subfield code="a">Smithsonian Institution</subfield>
    <subfield code="c">TxU</subfield>
    <subfield code="d">OCoLC</subfield>
    <subfield code="d">DLC</subfield>
  </datafield>
  <datafield tag="050" ind1="0" ind2="0">
    <subfield code="a">Z3656</subfield>
    <subfield code="b">.L87</subfield>
  </datafield>
  <datafield tag="100" ind1="1" ind2=" ">
    <subfield code="a">Lorin, Henri,</subfield>
    <subfield code="d">1866-1932.</subfield>
  </datafield>
  <datafield tag="245" ind1="1" ind2="0">
    <subfield code="a">Bibliographie g&#xE9;ographique de l'&#xC9;gypte,</subfield>
    <subfield code="c">publi&#xE9;e sous la direction de M. Henri Lorin ...</subfield>
  </datafield>
  <datafield tag="260" ind1=" " ind2=" ">
    <subfield code="a">[Cairo?]</subfield>
    <subfield code="b">L'Impr. de l'Institut fran&#xE7;ais d'arch&#xE9;ologie orientale du Caire pour la Soci&#xE9;t&#xE9; royale de g&#xE9;ographie d'&#xC9;gypte,</subfield>
    <subfield code="c">1929-29.</subfield>
  </datafield>
  <datafield tag="300" ind1=" " ind2=" ">
    <subfield code="a">2 v.</subfield>
    <subfield code="c">28 cm.</subfield>
  </datafield>
  <datafield tag="505" ind1="0" ind2=" ">
    <subfield code="a">v. 1. G&#xE9;ographie physique et g&#xE9;ographie humaine, par Henriette Agrel &amp; others]--v. 2. Geographie historique, par Henri Munier.</subfield>
  </datafield>
  <datafield tag="650" ind1=" " ind2="0">
    <subfield code="a">Geography</subfield>
    <subfield code="z">Egypt</subfield>
    <subfield code="x">Bibliography.</subfield>
  </datafield>
  <datafield tag="700" ind1="1" ind2=" ">
    <subfield code="a">Munier, Henri.</subfield>
  </datafield>
  <datafield tag="710" ind1="2" ind2=" ">
    <subfield code="a">Soci&#xE9;t&#xE9; royale de g&#xE9;ographie d'&#xC9;gypte.</subfield>
  </datafield>
  <datafield tag="999" ind1=" " ind2=" ">
    <subfield code="c">52702</subfield>
    <subfield code="d">52702</subfield>
  </datafield>
</record>
